000
00196 a2200085 4500
020
_a
9782090384437
245
_a
Conjugaison progressive du francais
260
_b
CLE International
_c
2018
942
_c
BK
999
_c
58001
_d
58001